00374pab a2200121 454500008004000000100003000040245010400070260000900174300001200183362001000195650002700205773002000232180718b2001 xxu||||| |||| 00| 0 eng d aPillai, V.N. Rajasekharan aAssessment and accreditation of institutions by NAAC: a total analysis of the accreditation process c2001 ap.40-50 a3 Sep aEducational assessment aUniversity News